| 000 | 01663nam a2200253Ia 4500 | ||
|---|---|---|---|
| 008 | 220216s9999 xx 000 0 und d | ||
| 100 | _aManoj N R | ||
| 245 | 0 | _aMechanical and dynamic mechanical properties of tyre tread cap compounds based on NR/BR/SBR triblends | |
| 260 |
_bIndian Journal of Natural Rubber Research _c1994 |
||
| 300 | _a16-Sep | ||
| 520 | _aThis paper deals with the effect of proportion of styrene-butadiene rubber (SBR) on the static and dynamic mechanical properties of NR/BR/SBR triblends. Attempts have also been made to optimise the accelrator-sulphur system for the blends. The effect of incorporation of a higher structure black with the triblend was also studied. Introducing styrene-butadiene rubber into the mix containing a blend of NR/BR improved static, dynamic as well as age resistance properties. A proportion of 15 phr of SBR was found to impart the best balance of technical properties. Semi-efficient vulcanization system with a sulphur to accelerator ratio of 2:1.2 gave the best balance of technical properties and dynamic mechanical properties for the triblend containing 15 phr of SBR. Increased structure of the carbon black in the mix increased loss modulus but improved flex fatigue properties and abrasion resistance of the triblend. | ||
| 650 | _aMechanical properties | ||
| 650 | _aMechanical properties | ||
| 650 | _aNatural rubber | ||
| 650 | _aNatural rubber | ||
| 650 | _aNR/BR/SBR triblend | ||
| 650 | _aNR/BR/SBR triblend | ||
| 650 | _aTyre tread compound | ||
| 650 | _aTyre tread compound | ||
| 700 | _aMohamed P K | ||
| 700 | _aNando Golak B | ||
| 700 | _aVarkey T D | ||
| 942 | _cAR | ||
| 999 |
_c47191 _d47191 |
||